|
|
|
|
| LEADER |
00000nas a2200000 a 4500 |
| 001 |
ssj0000491166 |
| 003 |
WaSeSS |
| 005 |
20200512172242.0 |
| 006 |
m d |
| 007 |
cr n |
| 008 |
070920c20079999ii fr pos 0 a0eng c |
| 010 |
|
|
|a 2012233141
|
| 016 |
7 |
|
|a 101570880
|2 DNLM
|
| 022 |
|
|
|a 0976-2787
|l 0973-6581
|y 0973-7847
|
| 035 |
|
|
|a (WaSeSS)ssj0000491166
|
| 037 |
|
|
|b Medknow Publications and Media Pvt. Ltd., B-9, Kanara Business Ctr, Off Link Rd, Ghatkopar (E), Mumbai, Maharastra 400 075 India.
|
| 040 |
|
|
|a SNM
|b eng
|e pn
|c SNM
|d OCLCS
|d OCLCQ
|d TXA
|d QE2
|d OCLCQ
|d GUA
|d CUS
|d HUL
|d CUS
|d OCLCF
|d OCLCO
|d SNU
|d AUD
|d CCT
|d EUW
|d OCLCO
|d OCLCQ
|d OCLCO
|d OCLCQ
|d OCLCO
|d OCLCQ
|d OCLCA
|d BUF
|d UAB
|d CRU
|d NLM
|d OCLCO
|d OCLCA
|d WaSeSS
|
| 042 |
|
|
|a pcc
|
| 050 |
1 |
4 |
|a RS160
|
| 060 |
0 |
0 |
|a W1
|
| 210 |
1 |
0 |
|a Pharmacogn Rev
|2 dnlm
|
| 222 |
|
0 |
|a Pharmacognosy review
|b (Online)
|
| 245 |
0 |
0 |
|a Pharmacognosy reviews
|h [electronic resource].
|
| 246 |
3 |
|
|a Phcog rev
|
| 246 |
3 |
|
|a Pharmacogn. rev
|
| 260 |
|
|
|a Mumbai, India :
|b Wolters Kluwer - Medknow Publications and Media Pvt. Ltd,
|c [2007]-
|
| 310 |
|
|
|a Semiannual
|
| 362 |
1 |
|
|a Began with Vol. 1, issue 1 (January/June 2007)
|
| 506 |
|
|
|a License restrictions may limit access.
|
| 550 |
|
|
|a An official publication of Phcog.net.
|
| 588 |
|
|
|a Description based on: Volume 4, issue 7 (January/June 2010); title from PDF cover page (publisher's website, viewed August 7, 2018).
|
| 588 |
|
|
|a Latest issue consulted: Volume 12, issue 23 (January/June 2018) (viewed August 7, 2018).
|
| 650 |
|
0 |
|a Pharmacognosy
|v Periodicals.
|
| 650 |
|
0 |
|a Drugs
|v Periodicals.
|
| 650 |
|
7 |
|a Drugs.
|2 fast
|0 (OCoLC)fst00898761
|
| 650 |
|
7 |
|a Pharmacognosy.
|2 fast
|0 (OCoLC)fst01060246
|
| 650 |
|
7 |
|a Health.
|2 galestne
|
| 650 |
1 |
2 |
|a Pharmacognosy.
|
| 650 |
2 |
2 |
|a Phytotherapy.
|
| 650 |
2 |
2 |
|a Plants, Medicinal.
|
| 653 |
0 |
|
|a Health
|
| 655 |
|
0 |
|a Electronic journals.
|
| 710 |
2 |
|
|a Pharmacognosy Network Worldwide.
|
| 776 |
0 |
8 |
|i Print version:
|t Pharmacognosy reviews
|x 0973-7847
|
| 856 |
4 |
0 |
|z Full text available from Research Library: 01/01/2008 to present
|u https://search.proquest.com/publication/226460
|